Développements récents en responsabilité médicale et hospitalière (2005) /
Saved in:
| Corporate Author: | |
|---|---|
| Other Authors: | |
| Format: | Book |
| Language: | French |
| Published: |
Cowansville :
Les Éditions Yvon Blais inc.,
c2005.
|
| Series: | Service de la formation permanente du Barreau du Québec (Series) ;
v. 230. |
| Subjects: | |
| Tags: |
Add Tag
No Tags, Be the first to tag this record!
|
| LEADER | 01499cam a2200301 a 4500 | ||
|---|---|---|---|
| 001 | 009777940-7 | ||
| 005 | 20090417015128.0 | ||
| 008 | 051017s2005 quc b 100 0 fre d | ||
| 020 | |a 2894518714 | ||
| 020 | |a 9782894518717 | ||
| 035 | 0 | |a ocm62098921 | |
| 040 | |a MUQ |b fre |c MUQ |d GUL |d UQ1 |d HVL | ||
| 043 | |a n-cn-qu | ||
| 050 | 4 | |a KEQ982 |b .D48x 2005 | |
| 245 | 0 | 0 | |a Développements récents en responsabilité médicale et hospitalière (2005) / |c [organisé par le] Service de la formation permamente, Barreau du Québec ; [auteurs Daniel W. Payette ... et al.]. |
| 260 | |a Cowansville : |b Les Éditions Yvon Blais inc., |c c2005. | ||
| 300 | |a xii, 320 p. ; |c 23 cm. | ||
| 490 | 1 | |a Service de la formation permanente du Barreau du Québec (Series) ; |v v. 230 | |
| 500 | |a "Le présent ouvrage rassemble les textes des conférences prononcées lors du colloque intitulé "Développements récents en responsabilité médicale et hospitalière" qui s'est tenu à l'Ile Charron, le 23 septembre 2005." -- p. [4] T.P. | ||
| 504 | |a Includes bibliographical references. | ||
| 650 | 0 | |a Physicians |x Malpractice |z Québec (Province) |v Congresses. | |
| 650 | 0 | |a Medical personnel |x Malpractice |z Québec (Province) |v Congresses. | |
| 650 | 0 | |a Hospitals |z Québec (Province) |v Congresses. | |
| 700 | 1 | |a Payette, Daniel W. | |
| 710 | 2 | |a Barreau du Québec. |b Formation permanente (Service) | |
| 830 | 0 | |a Service de la formation permanente du Barreau du Québec (Series) ; |v v. 230. | |
| 988 | |a 20051014 | ||
| 906 | |0 OCLC | ||


